Normal view
MARC view
- Ahmad, David R. Mirza
Entry Personal Name
001 - CONTROL NUMBER
- control field: 91513
003 - CONTROL NUMBER IDENTIFIER
- control field: KE-NaSUL
005 - DATE AND TIME OF LATEST TRANSACTION
- control field: 20250825172905.0
008 - FIXED-LENGTH DATA ELEMENTS
- fixed length control field: 250825|| aca||aabn | a|a d
040 ## - CATALOGING SOURCE
- Original cataloging agency: KE-NaSUL
- Transcribing agency: KE-NaSUL
100 ## - HEADING--PERSONAL NAME
- Personal name: Ahmad, David R. Mirza
670 ## - SOURCE DATA FOUND
- Source citation: Work cat.: (KE-NaSUL)58344: Hack proofing your network, c2002.